| 000 | 09385 a2200601 4500 | ||
|---|---|---|---|
| 008 | 090424t xxu||||| |||| 00| 0 hin d | ||
| 010 | _aB-289479-508 | ||
| 020 |
_c40.00 _a8123747632 |
||
| 035 | _aB-289479-508 | ||
| 037 | _bनार्थ इण्डिया पब्लि (वितरक) | ||
| 040 |
_adpl _bHIN |
||
| 082 | _a921 | ||
| 100 | _aचक्रवर्ती, बसुधरा | ||
| 245 |
_aकाज़ी नज़रूल इस्लाम / _cबसुधरा चक्रव्रती; इलाचन्द्र जोशी द्वारा अनुदित |
||
| 250 | _a2रा संस्क | ||
| 260 |
_aनई दिल्ली _bनेशनल बुक ट्रस्ट _c2006 |
||
| 270 |
_aए-5 ग्रीन पार्क _bनई दिल्ली _cदिल्ली _e110016 |
||
| 300 |
_a88पृ _c22 सेमी (अजिल्द) |
||
| 490 | _aराष्ट्रीय जीवनचरित | ||
| 700 | _aजोशी, इलाचन्द्र | ||
| 942 |
_adpl _cHN _2ddc _h921 _mइस्लाम |
||
| 999 |
_c12431 _d12431 |
||